000 01223nam2a22002291 4500
001 rc\4462
005 20250620120802.0
035 _a(NLR Aleph) 005309693
090 _a6373291
_c6373290
100 _a20021204d1992 |||y0rusy50 ca
101 0 _arus
102 _aRU
105 _ay |||||||||
200 1 _aФирмы Италии и Турции
210 _d1992
_aБ. м.
215 _a93 с.
461 0 _1001rc\4460
_12001#$aЗарубежные фирмы - ваши деловые партнеры$eПочт. реквизиты$eКрат. характеристика деятельности$e[Справочник]$fНауч.-информ. учеб.-произв. о-во "НИКИ"$g[Будылев В.В., Литвин Р.Ю.$gОтв. ред. А.А. Пахомов]$vЧ. 2
_96373273
_cМ.
_d1992
_fНауч.-информ. учеб.-произв. о-во "НИКИ"
_nНИУПО "НИКИ"
_oПочт. реквизиты : Крат. характеристика деятельности : [Справочник]
_tЗарубежные фирмы - ваши деловые партнеры
_vЧ. 2
801 0 _aRU
_bNLR
_gpsbo
801 1 _aRU
_bELAR
_2rusmarc
852 _aNLR
_bС
_jК-1/5849
942 _cBOOK
980 _aNB